Statistics for Unscramble Movie Titles

Click here to take the quiz!

General Stats

  • This quiz has been taken 53,318 times
    (53,268 since last reset)
  • The average score is 17 of 24

Answer Stats

Starring Scramble Title % Correct
Mel GibsonBAERRHVEATBraveheart
93%
Kate WinsletTICINTATitanic
92%
Robert PattisonLITGIHTWTwilight
91%
Eric BanaUKHLHulk
89%
Brad PittEVNESSeven
89%
Mike Myers (voice)KHERSShrek
87%
Sandra BullockDEPESSpeed
86%
Sylvester StalloneOYCRKRocky
84%
Zoe SaldanaATAARVAvatar
82%
Demi MooreTGOSHGhost
81%
Russel CroweRAOLDGIATGladiator
81%
John TravoltaEGSRAEGrease
80%
Mel GibsonNGSISSigns
79%
Tom HanksALPILEPDAIHHPhiladelphia
78%
(St. Bernard Dog)TOEBEVEHNBeethoven
78%
Ingrid BergmanCNABAASALCCasablanca
76%
Megan FoxSRMARSTONERFTransformers
72%
Helen HuntRESTIWTTwister
71%
Arnold SchwarzeneggerRODEPRTAPredator
55%
Leonardo Di CaprioTOCIIENPNInception
53%
Bruce WillisMDONADARGEArmageddon
48%
Brad Garrett (voice)EIALTRATULORatatouille
19%
Sylvester StalloneNHFLEFCRIGACliffhanger
17%
Susan SarandonNECDENAHTEnchanted
12%

Score Distribution

Percentile by Number Answered

Percent of People with Each Score

Your Score History

You have not taken this quiz since the last reset